000 00703nam a2200217Ia 4500
005 20250508150845.0
008 008 250505s9999 xx 000 0 eng d
037 _aTextual
040 _aFEDL
_beng
_cFEDL
041 _aeng
_2eng
084 _a370.19, TAB
_qFEDL
100 _aTaba Hilda
245 0 _aWith focus on human relations : A story of an eighth grade
260 _aWashington, USA
_bAmerican Council on Education
_c1950
300 _ax,257p
490 _aIntergroup education in cooperating schools work in progress series
650 _aEducation - Sociology
_9757833
700 _a Elkins Deborah
_9757834
942 _cTEXL
_h370.19, TAB
999 _c1326130
_d1326130